Catalogo

El Perú en marcha : ensayo de geografía económica (Registro nro. 3824)

Detalles MARC
000 -LEADER
fixed length control field 00535nam a2200205 4500
003 - CONTROL NUMBER IDENTIFIER
control field OSt
005 - DATE AND TIME OF LATEST TRANSACTION
control field 20231201163017.0
008 - FIXED-LENGTH DATA ELEMENTS--GENERAL INFORMATION
fixed length control field 231201b |||||||| |||| 00| 0 eng d
037 ## - SOURCE OF ACQUISITION
Stock number donación
040 ## - CATALOGING SOURCE
Original cataloging agency CBC
082 ## - DEWEY DECIMAL CLASSIFICATION NUMBER
Classification number BIB-TELLO/17.03.01/01826
245 ## - TITLE STATEMENT
Title El Perú en marcha : ensayo de geografía económica
260 ## - PUBLICATION, DISTRIBUTION, ETC.
Place of publication, distribution, etc. Lima :
Name of publisher, distributor, etc. Banco Italiano,
Date of publication, distribution, etc. 1941
300 ## - PHYSICAL DESCRIPTION
Extent xxxvi, 412 p
650 ## - SUBJECT ADDED ENTRY--TOPICAL TERM
Topical term or geographic name entry element GEOGRAFÍA ECONÓMICA
650 ## - SUBJECT ADDED ENTRY--TOPICAL TERM
Topical term or geographic name entry element ASPECTOS GEOGRÁFICOS
650 ## - SUBJECT ADDED ENTRY--TOPICAL TERM
Topical term or geographic name entry element ECONOMÍA
651 ## - SUBJECT ADDED ENTRY--GEOGRAPHIC NAME
Geographic name PERÚ
942 ## - ADDED ENTRY ELEMENTS (KOHA)
Source of classification or shelving scheme Dewey Decimal Classification
Suppress in OPAC No
Koha item type Libros
Existencias
Withdrawn status Lost status Source of classification or shelving scheme Damaged status Not for loan Home library Current library Date acquired Total Checkouts Full call number Barcode Date last seen Price effective from Koha item type
    Dewey Decimal Classification     Fondo Tello Fondo Tello 12/01/2023   BIB-TELLO/17.03.01/01826 BIBTELLO1826 12/01/2023 12/01/2023 Libros
Dirección

Pasaje Pampa de La Alianza 164 / Cusco, Cusco, Perú 08001

Horario de atención

Lunes a Viernes
Turno mañana:  9:00am - 1:00pm
Turno tarde:  3:00pm - 6:00pm



Teléfonos

Fijo: +5184245415 / Movil: +51974943010